| 000 | 00826cam a22002653a 4500 | ||
|---|---|---|---|
| 001 | 32355 | ||
| 003 | PGUSA | ||
| 005 | 20140828083712.0 | ||
| 008 | 100512s2010||||xxu|||||s|||||000 | eng d | ||
| 040 |
_aPGUSA _beng |
||
| 042 | _adc | ||
| 050 | 4 | _aBV | |
| 100 | 1 |
_aStall, Sylvanus, _d1847-1915 |
|
| 245 | 1 | 0 |
_aWith the Children on Sundays : _bThrough Eye-Gate and Ear-Gate into the City of Child-Soul _h[electronic resource] / _cSylvanus Stall |
| 260 |
_bProject Gutenberg, _c2010 |
||
| 506 | _aPublic domain in the USA. | ||
| 516 | _aElectronic text | ||
| 653 | _aChildren's sermons | ||
| 653 | _aMoral education | ||
| 653 | _aChildren -- Religious life | ||
| 700 | 1 |
_aBurd, C. M. _q(Clara Miller), _d1873-1933 |
|
| 830 | 0 |
_aProject Gutenberg _v32355 |
|
| 856 | 4 | 0 | _uhttp://www.gutenberg.org/ebooks/32355 |
| 942 | _cEB | ||
| 999 |
_c261610 _d261610 |
||